000 00356nam a2200145Ia 4500
008 090122s9999 xx 000 0 und d
082 _b4207
_a891.463
100 _aकदम
_bबाबा
245 _aपद्मजा
600 _aकदम
630 _aपद्मजा
700 _aकदम
730 _aपद्मजा
942 _cBOOK
999 _c28285
_d28285